| 000 | 00698nam a2200217 a 4500 | ||
|---|---|---|---|
| 001 | 1206 | ||
| 003 | CDMR | ||
| 005 | 20131121110742.0 | ||
| 008 | 130130s2002||||||||||||||||||||||||||||d | ||
| 020 | _a843093765X | ||
| 040 |
_aCDMR _bcat _cCDMR |
||
| 100 | 1 |
_aEscobar Roca, Guillermo _9947 |
|
| 245 | 1 | 0 |
_aEstatuto de los periodistas _b: régimen normativo de la profesión y organización de las empresas de comunicación _cGuillermo Escobar Roca |
| 260 |
_aMadrid _c2002 _bTecnos |
||
| 300 | _a305 p. | ||
| 490 | 0 | _aVentana abierta | |
| 650 | 0 | 4 |
_93726 _aPeriodistes _zEspanya |
| 650 | 0 | 4 |
_94120 _aEmpreses periodístiques _zEspanya |
| 650 | 0 | 4 |
_93208 _aPeriodisme _xDret i legislació |
| 942 |
_cMON _2udc |
||
| 999 |
_c1206 _d1206 |
||